• 首页
  • 本馆介绍
  • 公告通知
  • 最新文献
  • 馆藏检索
  • 电子资源
  • 读者导购
  • 参考咨询
  • 我的图书馆
  • 登录
  • 详细信息显示
  • 放入我的书架
  • 预约/预借图书
  • 作者相关作品
  • 分类相关作品
  • 丛书相关作品
  • 出版社相关作品

书目信息

  • 表格格式
  • 工作单格式
  • 卡片格式
题名:
厚黑应酬学
    
 
作者: 李宗生 , 陆林 编著
分册:  
出版信息: 北京   民族出版社  1992.12
页数: 154页
开本: 19cm
丛书名: 愚顿启示录
单 册:
中图分类: C912.1
科图分类: 59.88
主题词: 人间交往
电子资源:
ISBN: 7-105-01711-2
000 00882nam0 2200277 45
001 0193028795
005 20070724090802.54
010    @a7-105-01711-2@dCNY3.15
100    @a19800101d1992 em y0chiy0121 ea
101 0  @achi
102    @aCN@b110000
105    @ay z 000yy
200 10 @a厚黑应酬学@AHOU HEI YING CHOU XUE@f李宗生,陆 林编著@FLI ZONG SHENG , LU LIN BIAN ZHU
210    @a北京@c民族出版社@d1992.12
215    @a154页@d19cm
225 2  @a愚顿启示录
330    @a本书内容包括:厚黑应酬术、洞察人情世故的应酬术、改变你一生的应酬术等。
410  0 @120010@a愚顿启示录
540 1  @a厚黑 应酬学 愚顿 启示录@AHOU HEI YING CHOU XUE YU DUN QI SHI LU
606    @a人间交往
690    @aC912.1@v三版
692    @a59.88
701  0 @a李宗生@ALI ZONG SHENG@4编著
701  0 @a陆林@ALU LIN@4编著
801  0 @aCN@bTSSF@c20070724
905    @a10447@dC912.1@e599
    
    厚黑应酬学/李宗生,陆 林编著.-北京:民族出版社,1992.12
    154页;19cm.-(愚顿启示录)
    
    
    ISBN 7-105-01711-2:CNY3.15
    本书内容包括:厚黑应酬术、洞察人情世故的应酬术、改变你一生的应酬术等。
●
相关链接 在E读中查询图书 在五车中查询图书 在当当中查询图书 在豆瓣中查询图书


正题名:厚黑应酬学     索取号:C912.1/599         预约/预借

序号 登录号 条形码 馆藏地/架位号 状态 备注
1 0767120   207671205   第一样本阅览室/ [索取号:C912.1/599] 在馆    
唐山师范学院图书馆 欢迎您!
大连网信软件有限公司© 版权所有